MARC

LEADER 00000nam0a2200000 4500
001 350911
005 20231102010342.0
035 |a (RuTPU)RU\TPU\retro\5291 
090 |a 350911 
100 |a 20190314d1947 km y0rusy50 ca 
101 0 |a rus 
102 |a RU 
105 |a a g 001zy 
200 1 |a Электроматериалы связи  |e справочник  |f Г. И. Рабчинская 
210 |a Москва  |c Связьиздат  |d 1947 
215 |a 120 с.  |c ил. 
317 |5 63413507: КР-6270  |a Поступила в НТБ в 1987 г. в дар от вдовы ученого Е. К. Завадовской 
320 |a Предметный указатель: с. 115-119 
606 1 |a Электротехника связи  |2 stltpush  |3 (RuTPU)RU\TPU\subj\20908  |9 45969 
610 1 |a диэлектрики 
610 1 |a полупроводники 
610 1 |a проводниковые материалы 
610 1 |a магнитные материалы 
610 1 |a электроматериалы 
610 1 |a свойства 
610 1 |a применение 
610 1 |a связь 
610 1 |a справочники 
610 1 |a библиотека А. А. Воробьева 
610 1 |a дары библиотеке 
675 |a 621.39:621.3(035)  |v 4 
700 1 |a Рабчинская  |b Г. И. 
801 1 |a RU  |b 63413507  |c 20190314 
801 2 |a RU  |b 63413507  |c 20190604  |g RCR 
942 |c BK